| 000 | 01265nam a2200253Ia 4500 | ||
|---|---|---|---|
| 003 | OSt | ||
| 005 | 20200815002426.0 | ||
| 008 | 191128s2008 ck gr 000 0 spa d | ||
| 020 | _a9789588295831 | ||
| 040 |
_aCO-JMCR _cCO-JMCR |
||
| 041 | 0 | _aspa | |
| 082 | 0 | 4 |
_a345.05 / _bG785s _223 |
| 100 | 1 |
_aGarcía Dueñas, Hernando Aníbal, _eautor _98844 |
|
| 245 | 1 | 0 |
_aSistema penal acusatorio y medios de comunicación : _bla libertad de expresión y el derecho a la información desde la perspectiva de los derechos de las personas en la actuación penal / _cHernando Aníbal García Dueñas |
| 260 |
_aBogotá : _bInstituto de Estudios del Ministerio Público, _c2008 |
||
| 300 |
_a175 páginas ; _c17 cm. |
||
| 490 | 0 |
_aColección pensamiento jurídico ; _v28 |
|
| 504 | _aBibliografía: páginas 175-178 | ||
| 505 | 0 | _aLa libertad de expresión y opinión y derecho a la información -- Declaración universal de los derechos humanos y convención americana sobre derechos humanos -- Declaración de chapultepec -- Declaración de principios sobre libertad de expresión | |
| 650 | 1 | 4 |
_aSistema acusatorio _zColombia _98845 |
| 650 | 1 | 4 |
_aProcedimiento penal _zColombia _98846 |
| 650 | 1 | 4 |
_aAdministración de justicia penal _zColombia _98819 |
| 942 |
_2ddc _cBK |
||
| 999 |
_c4706 _d4706 |
||